Η λίμνη με τους κάστορες στα Βραχώδη Όρη Rocky Mountain beaver pond : εξερευνήστε τον εργατικό κόσμο του πιο μεγάλου αρχιτέκτονα και μηχανικού της φύσης
Με φόντο τη μεγαλόπρεπη άγρια φύση των Βραχωδών Ορέων, μια οικογένεια από κάστορες δημιουργεί και συντηρεί μια γαλήνια λίμνη
Αποθηκεύτηκε σε:
| Συγγραφή απο Οργανισμό/Αρχή: | |
|---|---|
| Άλλοι συγγραφείς: | |
| Μορφή: | Βίντεο VHS |
| Γλώσσα: | English Greek |
| Δημοσίευση: |
[Washington D.C] : Αθήνα :
National Geographic Society, Διανομή Home Video Hellas,
1987
|
| Σειρά: | National Geographic Video
|
| Θέματα: | |
| Ετικέτες: |
Προσθήκη ετικέτας
Δεν υπάρχουν, Καταχωρήστε ετικέτα πρώτοι!
|
MARC
| LEADER | 00000 gm a2200000 i 4500 | ||
|---|---|---|---|
| 001 | 1/71455 | ||
| 007 | vf cbaho | ||
| 008 | 050211s1987 us engod | ||
| 035 | |l 10076534 | ||
| 040 | |a GR-MY-UA |b gre |e aacr | ||
| 041 | 0 | |a eng |j gre | |
| 082 | 0 | |a 910.9 |2 (21 έκδ.) | |
| 245 | 1 | 2 | |a Η λίμνη με τους κάστορες στα Βραχώδη Όρη |h [μαγνητοσκόπηση] = |b Rocky Mountain beaver pond : εξερευνήστε τον εργατικό κόσμο του πιο μεγάλου αρχιτέκτονα και μηχανικού της φύσης / |c παραγωγή και φωτογραφία : Jim Dutcher ; σενάριο : Nancy Le Brun |
| 246 | 2 | 1 | |a Rocky Mountain beaver pond |
| 260 | |a [Washington D.C] : |a Αθήνα : |b National Geographic Society, |b Διανομή Home Video Hellas, |c 1987 | ||
| 300 | |a 1 βιντεοκασέτα (60 λεπτ.); |b ομιλ., έγχρ.; |c 1/2 ίν. | ||
| 490 | 1 | |a National Geographic Video | |
| 508 | |a Μια παραγωγή της National Geographic Society; Εκτέλεση παραγωγής Dennis B. Kanne | ||
| 511 | |a Αφηγητής : Richard Kiley | ||
| 520 | |a Με φόντο τη μεγαλόπρεπη άγρια φύση των Βραχωδών Ορέων, μια οικογένεια από κάστορες δημιουργεί και συντηρεί μια γαλήνια λίμνη | ||
| 538 | |a VHS | ||
| 650 | 0 | 0 | |a Discoveries in geography. |
| 650 | 0 | 0 | |a Beaver. |
| 650 | 0 | 0 | |a Zoology |z Rocky Mountain. |
| 700 | 1 | |a Dutcher, Jim. |4 pro | |
| 710 | 2 | |a National Geographic Society (U.S.) | |
| 830 | 0 | |a National Geographic Video | |
| 852 | |a INST |b RHODES |c AV |e 20050211 |h 910.9 ΛΙΜ |p 005400017843 |q 005400017843 |t VC |y 23 | ||
| 901 | |a BIBL4-2005-1 | ||
| 909 | |a Ρ |b 042870 | ||
| 922 | |a 4ΕΛΗ |b 199604 |c ΒΙΒΛΙΟΘΗΚΗ | ||
| 970 | |a ΣΜΠΙΛΗ |b ΕΛΕΝΗ |z 2005/02/11 | ||